[Event "Memorial Sergievskogo"]
[Site "Cheboksary"]
[Date "2016.04.13"]
[Round "9.4"]
[White "Lysyj, Igor"]
[Black "Demidov, Mikhail"]
[Result "1-0"]
[LiveChessVersion "1.4.4"]
[BlackElo "2568"]
[WhiteElo "2670"]

1. d4 {[%clk 0:15:18]} d5 {[%clk 0:15:19]} 2. c4 {[%clk 0:15:27]} dxc4
{[%clk 0:15:27]} 3. e3 {[%clk 0:15:35]} Be6 {[%clk 0:15:34]} 4. Nf3
{[%clk 0:15:34]} c6 {[%clk 0:15:34]} 5. Nbd2 {[%clk 0:15:39]} Qa5
{[%clk 0:15:29]} 6. Be2 {[%clk 0:15:17]} Nf6 {[%clk 0:14:57]} 7. O-O
{[%clk 0:15:17]} b5 {[%clk 0:14:23]} 8. a4 {[%clk 0:15:19]} g6 {[%clk 0:12:22]}
9. Ng5 {[%clk 0:14:07]} Bd5 {[%clk 0:10:39]} 10. e4 {[%clk 0:11:28]} h6
{[%clk 0:10:46]} 11. exd5 {[%clk 0:11:36]} hxg5 {[%clk 0:10:54]} 12. dxc6
{[%clk 0:11:41]} Nxc6 {[%clk 0:10:53]} 13. axb5 {[%clk 0:11:21]} Qxa1
{[%clk 0:10:51]} 14. Bf3 {[%clk 0:08:39]} O-O-O {[%clk 0:08:31]} 15. Bxc6
{[%clk 0:08:23]} c3 {[%clk 0:06:21]} 16. Qb3 {[%clk 0:07:21]} Qa5
{[%clk 0:05:34]} 17. bxc3 {[%clk 0:06:28]} e6 {[%clk 0:05:31]} 18. Nf3
{[%clk 0:05:51]} g4 {[%clk 0:05:14]} 19. Ne5 {[%clk 0:05:57]} Qc7
{[%clk 0:05:09]} 20. Bg5 {[%clk 0:05:02]} Be7 {[%clk 0:05:18]} 21. Ra1
{[%clk 0:04:01]} Nd5 {[%clk 0:04:43]} 22. Bxd5 {[%clk 0:02:50]} Bxg5
{[%clk 0:04:50]} 23. b6 {[%clk 0:02:34]} Qxb6 {[%clk 0:04:44]} 24. Qc4+
{[%clk 0:02:42]} Kb8 {[%clk 0:04:40]} 25. Be4 {[%clk 0:01:34]} Bf4
{[%clk 0:04:01]} 26. Nc6+ {[%clk 0:01:17]} Kc7 {[%clk 0:04:08]} 27. Rxa7+
{[%clk 0:01:07]} Kd6 {[%clk 0:04:17]} 28. Ra6 {[%clk 0:01:01]} Bxh2+
{[%clk 0:03:23]} 29. Kf1 {[%clk 0:01:09]} Qb2 {[%clk 0:03:33]} 30. Qc5+
{[%clk 0:01:04]} Kd7 {[%clk 0:03:42]} 31. Qe7+ {[%clk 0:00:56]} Kc8
{[%clk 0:03:49]} 32. Ra8+ {[%clk 0:01:05]} 1-0

[Event "Memorial Sergievskogo"]
[Site "Cheboksary"]
[Date "2016.04.13"]
[Round "9.5"]
[White "Nozdrachev, Vladislav"]
[Black "Dreev, Aleksey"]
[Result "1/2-1/2"]
[LiveChessVersion "1.4.4"]
[BlackElo "2668"]
[WhiteElo "2542"]

1. e4 {[%clk 0:15:18]} c6 {[%clk 0:15:18]} 2. d4 {[%clk 0:15:27]} d5
{[%clk 0:15:27]} 3. Nc3 {[%clk 0:15:35]} dxe4 {[%clk 0:15:35]} 4. Nxe4
{[%clk 0:15:44]} Bf5 {[%clk 0:15:43]} 5. Ng3 {[%clk 0:15:53]} Bg6
{[%clk 0:15:52]} 6. Nh3 {[%clk 0:16:02]} Nd7 {[%clk 0:15:52]} 7. Nf4
{[%clk 0:16:09]} e5 {[%clk 0:15:54]} 8. Nxg6 {[%clk 0:15:58]} hxg6
{[%clk 0:16:02]} 9. dxe5 {[%clk 0:16:07]} Qa5+ {[%clk 0:15:53]} 10. Bd2
{[%clk 0:16:13]} Qxe5+ {[%clk 0:16:01]} 11. Qe2 {[%clk 0:16:22]} O-O-O
{[%clk 0:14:52]} 12. O-O-O {[%clk 0:16:02]} Ngf6 {[%clk 0:14:50]} 13. f4
{[%clk 0:14:40]} Qd5 {[%clk 0:13:18]} 14. c4 {[%clk 0:11:56]} Qd6
{[%clk 0:13:25]} 15. Qf3 {[%clk 0:11:25]} Nc5 {[%clk 0:12:03]} 16. Be2
{[%clk 0:11:02]} Qc7 {[%clk 0:11:51]} 17. f5 {[%clk 0:08:41]} Bd6
{[%clk 0:11:35]} 18. Kc2 {[%clk 0:07:47]} Rde8 {[%clk 0:10:20]} 19. Bd3
{[%clk 0:07:02]} Nxd3 {[%clk 0:07:04]} 20. Qxd3 {[%clk 0:07:01]} Ng4
{[%clk 0:05:27]} 21. fxg6 {[%clk 0:07:04]} fxg6 {[%clk 0:03:48]} 22. Qxg6
{[%clk 0:07:07]} Nf6 {[%clk 0:03:33]} 23. Rhe1 {[%clk 0:05:24]} Bxg3
{[%clk 0:01:43]} 24. hxg3 {[%clk 0:05:19]} Rxe1 {[%clk 0:01:52]} 25. Rxe1
{[%clk 0:05:00]} Qd7 {[%clk 0:01:53]} 26. Bc3 {[%clk 0:04:27]} Rd8
{[%clk 0:01:58]} 27. a3 {[%clk 0:04:17]} c5 {[%clk 0:01:02]} 28. Kb3
{[%clk 0:03:51]} Qc7 {[%clk 0:00:30]} 29. Qf5+ {[%clk 0:03:54]} Nd7
{[%clk 0:00:37]} 30. Qg4 {[%clk 0:03:42]} Qb6+ {[%clk 0:00:39]} 31. Ka2
{[%clk 0:03:51]} Qc6 {[%clk 0:00:31]} 32. Re5 {[%clk 0:03:23]} b6
{[%clk 0:00:33]} 33. Rd5 {[%clk 0:03:28]} g6 {[%clk 0:00:41]} 34. Be5
{[%clk 0:03:00]} Re8 {[%clk 0:00:38]} 35. Bf4 {[%clk 0:03:05]} Qe6
{[%clk 0:00:34]} 36. Qxe6 {[%clk 0:03:00]} Rxe6 {[%clk 0:00:43]} 37. b4
{[%clk 0:02:42]} Re2+ {[%clk 0:00:51]} 38. Rd2 {[%clk 0:02:51]} Rxd2+
{[%clk 0:00:20]} 39. Bxd2 {[%clk 0:03:00]} cxb4 {[%clk 0:00:25]} 40. axb4
{[%clk 0:03:08]} a6 {[%clk 0:00:31]} 41. Kb3 {[%clk 0:03:09]} Kc7
{[%clk 0:00:40]} 42. Kc3 {[%clk 0:03:18]} Kd6 {[%clk 0:00:30]} 43. Kd4
{[%clk 0:03:26]} Kc6 {[%clk 0:00:33]} 44. g4 Kd6 45. Ke4 {[%clk 0:03:01]} Nf6+
{[%clk 0:00:19]} 46. Kf4 {[%clk 0:03:09]} b5 {[%clk 0:00:24]} 47. Bc3
{[%clk 0:03:04]} Nh7 {[%clk 0:00:13]} 48. c5+ {[%clk 0:03:07]} Ke6
{[%clk 0:00:22]} 49. Bg7 {[%clk 0:02:43]} Kd5 {[%clk 0:00:27]} 50. g5
{[%clk 0:01:40]} a5 {[%clk 0:00:25]} 51. bxa5 {[%clk 0:01:46]} Kxc5
{[%clk 0:00:34]} 52. Bf6 {[%clk 0:01:47]} Kc6 {[%clk 0:00:21]} 53. Be7
{[%clk 0:01:53]} Kb7 {[%clk 0:00:13]} 54. Bb4 {[%clk 0:02:01]} Kc6
{[%clk 0:00:22]} 55. g3 {[%clk 0:01:50]} Kb7 {[%clk 0:00:18]} 56. Bd2
{[%clk 0:01:58]} Ka6 {[%clk 0:00:22]} 57. Ke5 {[%clk 0:02:04]} Kb7
{[%clk 0:00:20]} 58. g4 {[%clk 0:01:33]} Ka6 {[%clk 0:00:24]} 59. Ke6
{[%clk 0:00:56]} b4 {[%clk 0:00:32]} 60. Bxb4 {[%clk 0:00:58]} Nxg5+
{[%clk 0:00:41]} 61. Ke7 {[%clk 0:01:01]} Nf3 {[%clk 0:00:31]} 62. Bd6
{[%clk 0:00:53]} Kxa5 {[%clk 0:00:40]} 63. Kf6 {[%clk 0:01:02]} Kb5
{[%clk 0:00:32]} 64. Kxg6 Kc6 65. Bf4 {[%clk 0:01:09]} Kd5 {[%clk 0:00:49]} 66.
Kf5 {[%clk 0:01:14]} Nd4+ {[%clk 0:00:54]} 67. Kf6 {[%clk 0:01:21]} Nf3
{[%clk 0:01:03]} 1/2-1/2

[Event "Memorial Sergievskogo"]
[Site "Cheboksary"]
[Date "2016.04.13"]
[Round "9.6"]
[White "Motylev, Alexander"]
[Black "Glek, Igor"]
[Result "1-0"]
[LiveChessVersion "1.4.4"]
[BlackElo "2486"]
[WhiteElo "2662"]

1. e4 {[%clk 0:15:17]} b6 {[%clk 0:15:19]} 2. d4 {[%clk 0:15:24]} Bb7
{[%clk 0:15:28]} 3. Nc3 {[%clk 0:15:33]} e6 {[%clk 0:15:36]} 4. Nf3
{[%clk 0:15:26]} Bb4 {[%clk 0:15:31]} 5. Bd3 {[%clk 0:15:33]} Nf6
{[%clk 0:15:39]} 6. Qe2 {[%clk 0:14:46]} d5 {[%clk 0:15:40]} 7. e5
{[%clk 0:14:47]} Ne4 {[%clk 0:15:42]} 8. O-O {[%clk 0:14:44]} Nxc3
{[%clk 0:14:52]} 9. bxc3 {[%clk 0:14:52]} Bxc3 {[%clk 0:15:00]} 10. Rb1
{[%clk 0:14:54]} Nc6 {[%clk 0:14:25]} 11. Qe3 {[%clk 0:14:16]} Bb4
{[%clk 0:13:36]} 12. Qf4 {[%clk 0:12:19]} Be7 {[%clk 0:13:31]} 13. Qg3
{[%clk 0:12:04]} Kf8 {[%clk 0:09:32]} 14. c3 {[%clk 0:11:56]} h6 {[%clk 0:06:37]}
15. Ne1 {[%clk 0:11:57]} Kg8 {[%clk 0:06:12]} 16. Nc2 {[%clk 0:10:28]} Bc8
{[%clk 0:05:12]} 17. Ne3 {[%clk 0:10:01]} h5 {[%clk 0:04:56]} 18. f4
{[%clk 0:10:07]} f5 {[%clk 0:05:00]} 19. exf6 {[%clk 0:09:05]} Bxf6
{[%clk 0:05:09]} 20. Rb2 {[%clk 0:09:06]} Qd6 {[%clk 0:03:42]} 21. Qf3
{[%clk 0:08:37]} Ne7 {[%clk 0:03:47]} 22. Re2 {[%clk 0:08:30]} c6
{[%clk 0:03:45]} 23. g4 {[%clk 0:05:22]} hxg4 {[%clk 0:03:54]} 24. Nxg4
{[%clk 0:05:30]} Bd7 {[%clk 0:04:03]} 25. Rg2 {[%clk 0:05:36]} Rf8
{[%clk 0:01:34]} 26. Qg3 {[%clk 0:05:07]} g6 {[%clk 0:00:55]} 27. Ne5
{[%clk 0:04:57]} Bh4 {[%clk 0:00:17]} 28. Qxg6+ {[%clk 0:04:21]} Nxg6
{[%clk 0:00:26]} 29. Rxg6+ {[%clk 0:04:28]} Kh7 {[%clk 0:00:35]} 30. Rxe6+
{[%clk 0:04:25]} 1-0

[Event "Memorial Sergievskogo"]
[Site "Cheboksary"]
[Date "2016.04.13"]
[Round "9.7"]
[White "Timofeev, Artyom"]
[Black "Kobalia, Mikhail"]
[Result "1/2-1/2"]
[LiveChessVersion "1.4.4"]
[BlackElo "2609"]
[WhiteElo "2535"]

1. c4 {[%clk 0:15:17]} c6 {[%clk 0:15:18]} 2. Nf3 {[%clk 0:15:23]} d5
{[%clk 0:15:26]} 3. e3 {[%clk 0:15:30]} Nf6 {[%clk 0:15:32]} 4. Nc3
{[%clk 0:15:37]} a6 {[%clk 0:15:34]} 5. b3 {[%clk 0:13:40]} Bg4 {[%clk 0:15:28]}
6. d4 {[%clk 0:11:29]} e6 {[%clk 0:15:31]} 7. Bb2 {[%clk 0:11:32]} Nbd7
{[%clk 0:15:38]} 8. Be2 {[%clk 0:10:22]} Bd6 {[%clk 0:15:45]} 9. O-O
{[%clk 0:10:27]} O-O {[%clk 0:15:53]} 10. Qc2 {[%clk 0:10:33]} Re8
{[%clk 0:13:42]} 11. Rfd1 {[%clk 0:09:37]} Bf5 {[%clk 0:12:07]} 12. Bd3
{[%clk 0:08:59]} Bxd3 {[%clk 0:12:15]} 13. Qxd3 {[%clk 0:09:05]} Qe7
{[%clk 0:12:22]} 14. e4 {[%clk 0:08:05]} dxe4 {[%clk 0:12:30]} 15. Nxe4
{[%clk 0:08:13]} Nxe4 {[%clk 0:12:25]} 16. Qxe4 {[%clk 0:08:20]} Ba3
{[%clk 0:12:28]} 17. Bc3 {[%clk 0:07:53]} Bb4 {[%clk 0:12:31]} 18. Bb2
{[%clk 0:07:58]} Ba3 {[%clk 0:12:30]} 19. Bc3 {[%clk 0:08:02]} Bb4
{[%clk 0:12:32]} 20. Bb2 {[%clk 0:07:54]} 1/2-1/2

[Event "Memorial Sergievskogo"]
[Site "Cheboksary"]
[Date "2016.04.13"]
[Round "9.8"]
[White "Volkov, Sergey"]
[Black "Papin, Vasily"]
[Result "1/2-1/2"]
[LiveChessVersion "1.4.4"]
[BlackElo "2513"]
[WhiteElo "2597"]

1. d4 {[%clk 0:15:17]} Nf6 {[%clk 0:15:16]} 2. c4 {[%clk 0:15:24]} e6
{[%clk 0:15:24]} 3. Nc3 {[%clk 0:15:30]} Bb4 {[%clk 0:15:31]} 4. e3
{[%clk 0:15:37]} O-O {[%clk 0:15:34]} 5. Nge2 {[%clk 0:15:43]} c6
{[%clk 0:15:32]} 6. a3 {[%clk 0:15:41]} Ba5 {[%clk 0:15:40]} 7. b4
{[%clk 0:14:43]} Bc7 {[%clk 0:15:47]} 8. d5 {[%clk 0:14:49]} Qe7 {[%clk 0:14:35]}
9. g3 {[%clk 0:14:35]} a5 {[%clk 0:13:59]} 10. b5 {[%clk 0:14:20]} cxd5
{[%clk 0:13:16]} 11. cxd5 {[%clk 0:14:26]} e5 {[%clk 0:13:22]} 12. Bg2
{[%clk 0:12:24]} d6 {[%clk 0:13:23]} 13. O-O {[%clk 0:12:14]} Nbd7
{[%clk 0:12:43]} 14. Na4 {[%clk 0:12:12]} Nb6 {[%clk 0:12:37]} 15. Nec3
{[%clk 0:12:18]} Nfd7 {[%clk 0:08:44]} 16. e4 {[%clk 0:11:25]} Nxa4
{[%clk 0:07:54]} 17. Nxa4 {[%clk 0:11:33]} Nb6 {[%clk 0:08:02]} 18. Be3
{[%clk 0:11:40]} Nc4 {[%clk 0:08:11]} 19. Qe2 {[%clk 0:11:48]} Nxe3
{[%clk 0:08:06]} 20. Qxe3 {[%clk 0:11:56]} Bd7 {[%clk 0:08:07]} 21. Rab1
{[%clk 0:11:45]} f5 {[%clk 0:07:45]} 22. exf5 {[%clk 0:10:58]} Bxf5
{[%clk 0:07:46]} 23. Be4 {[%clk 0:11:04]} Bxe4 {[%clk 0:06:40]} 24. Qxe4
{[%clk 0:11:12]} Rae8 {[%clk 0:06:40]} 25. b6 {[%clk 0:10:31]} Bd8
{[%clk 0:06:50]} 26. Rb5 {[%clk 0:10:39]} Rf6 {[%clk 0:06:41]} 27. Rxa5
{[%clk 0:10:43]} Ref8 {[%clk 0:06:50]} 28. f3 {[%clk 0:09:30]} Qd7
{[%clk 0:06:32]} 29. Kg2 {[%clk 0:09:24]} Rh6 {[%clk 0:05:18]} 30. Qg4
{[%clk 0:09:13]} Qe8 {[%clk 0:05:09]} 31. Rf2 {[%clk 0:08:22]} Rg6
{[%clk 0:04:41]} 32. Qe4 {[%clk 0:08:19]} Rf4 {[%clk 0:04:45]} 33. Qc2
{[%clk 0:08:09]} e4 {[%clk 0:02:08]} 34. fxe4 {[%clk 0:07:48]} Rxf2+
{[%clk 0:02:17]} 35. Kxf2 {[%clk 0:07:37]} Rf6+ {[%clk 0:02:23]} 36. Kg2
{[%clk 0:07:39]} Qh5 {[%clk 0:02:32]} 37. Qd3 {[%clk 0:07:22]} Rh6
{[%clk 0:01:07]} 38. h4 {[%clk 0:07:15]} Rf6 {[%clk 0:01:16]} 39. Ra8
{[%clk 0:06:42]} Rf8 {[%clk 0:01:25]} 40. Nc3 {[%clk 0:06:30]} Qf7
{[%clk 0:01:20]} 41. Qe2 {[%clk 0:06:04]} Bxb6 {[%clk 0:00:41]} 42. Rxf8+
{[%clk 0:06:11]} Qxf8 {[%clk 0:00:50]} 43. Qf3 {[%clk 0:06:09]} Qc8
{[%clk 0:00:57]} 44. Ne2 {[%clk 0:06:03]} h6 {[%clk 0:00:51]} 45. Nf4
{[%clk 0:06:05]} Bd4 {[%clk 0:00:32]} 46. Ne6 {[%clk 0:05:36]} Be5
{[%clk 0:00:41]} 47. Kh3 {[%clk 0:05:31]} Qc1 {[%clk 0:00:43]} 48. Kg4
{[%clk 0:04:45]} Qc8 {[%clk 0:00:34]} 49. a4 {[%clk 0:04:28]} Qe8
{[%clk 0:00:40]} 50. a5 {[%clk 0:04:28]} Qa8 {[%clk 0:00:38]} 51. h5
{[%clk 0:04:19]} Qe8 {[%clk 0:00:41]} 52. Qf5 {[%clk 0:04:15]} Qc8
{[%clk 0:00:38]} 53. Nxg7 {[%clk 0:04:05]} Qc3 {[%clk 0:00:47]} 54. Qe6+
{[%clk 0:03:24]} Kxg7 {[%clk 0:00:48]} 55. Qg6+ {[%clk 0:03:27]} Kf8
{[%clk 0:00:38]} 56. Qxh6+ {[%clk 0:03:35]} Ke8 {[%clk 0:00:25]} 57. Qg6+
{[%clk 0:03:26]} Kd7 {[%clk 0:00:20]} 58. Qf7+ {[%clk 0:03:13]} Kc8
{[%clk 0:00:24]} 59. Qf8+ {[%clk 0:01:49]} Kc7 {[%clk 0:00:30]} 60. Qf7+
{[%clk 0:01:58]} Kb8 {[%clk 0:00:30]} 61. Qf8+ {[%clk 0:02:06]} Ka7
{[%clk 0:00:25]} 62. Qf2+ {[%clk 0:02:14]} Ka8 {[%clk 0:00:19]} 63. Qf8+
{[%clk 0:02:02]} Ka7 {[%clk 0:00:28]} 64. Qf2+ {[%clk 0:02:11]} Bd4
{[%clk 0:00:22]} 65. Qf4 {[%clk 0:02:06]} Be5 {[%clk 0:00:21]} 66. Qf2+
{[%clk 0:02:16]} Bd4 {[%clk 0:00:21]} 67. Qf4 {[%clk 0:02:24]} Qc7
{[%clk 0:00:20]} 68. h6 {[%clk 0:02:26]} Qe7 {[%clk 0:00:19]} 69. Qf5
{[%clk 0:02:21]} Be5 {[%clk 0:00:22]} 70. Kh3 {[%clk 0:01:53]} Ka6
{[%clk 0:00:15]} 71. g4 {[%clk 0:01:48]} Kxa5 {[%clk 0:00:22]} 72. g5
{[%clk 0:01:57]} b5 {[%clk 0:00:26]} 73. g6 {[%clk 0:02:01]} Qc7 {[%clk 0:00:25]}
74. Kg4 {[%clk 0:01:58]} Qc3 {[%clk 0:00:25]} 75. Qf3 {[%clk 0:01:58]} Qc8+
{[%clk 0:00:31]} 76. Kh5 {[%clk 0:02:03]} b4 {[%clk 0:00:33]} 77. g7
{[%clk 0:02:02]} Qe8+ {[%clk 0:00:16]} 78. Kg5 {[%clk 0:02:08]} Bc3
{[%clk 0:00:21]} 79. Qf8 {[%clk 0:02:01]} Bd2+ {[%clk 0:00:21]} 80. Kf6
{[%clk 0:01:50]} Bc3+ {[%clk 0:00:17]} 81. Kf5 {[%clk 0:01:49]} Qh5+
{[%clk 0:00:25]} 82. Ke6 {[%clk 0:01:46]} Qxh6+ {[%clk 0:00:33]} 83. Kf5
{[%clk 0:01:36]} Qxg7 {[%clk 0:00:16]} 84. Qa8+ {[%clk 0:01:45]} Kb6
{[%clk 0:00:19]} 85. Qc6+ {[%clk 0:01:54]} Ka7 {[%clk 0:00:19]} 86. Qa4+
{[%clk 0:01:58]} Kb8 {[%clk 0:00:24]} 87. Qe8+ {[%clk 0:02:07]} Kc7
{[%clk 0:00:21]} 88. Qc6+ {[%clk 0:02:16]} Kb8 {[%clk 0:00:14]} 89. Qe8+
{[%clk 0:02:25]} Ka7 {[%clk 0:00:18]} 90. Qa4+ {[%clk 0:02:33]} Kb7
{[%clk 0:00:14]} 91. Qc6+ {[%clk 0:02:42]} Ka7 {[%clk 0:00:16]} 1/2-1/2

[Event "Memorial Sergievskogo"]
[Site "Cheboksary"]
[Date "2016.04.13"]
[Round "9.9"]
[White "Lintchevski, Daniil"]
[Black "Safronov, Andrey G"]
[Result "1-0"]
[LiveChessVersion "1.4.4"]
[BlackElo "2307"]
[WhiteElo "2590"]

1. Nf3 {[%clk 0:15:17]} Nf6 {[%clk 0:15:16]} 2. c4 {[%clk 0:15:24]} c6
{[%clk 0:15:24]} 3. d4 {[%clk 0:15:31]} d5 {[%clk 0:15:33]} 4. e3
{[%clk 0:15:39]} e6 {[%clk 0:15:43]} 5. Nbd2 {[%clk 0:15:47]} c5 {[%clk 0:15:38]}
6. cxd5 {[%clk 0:15:55]} exd5 {[%clk 0:15:45]} 7. b3 {[%clk 0:15:20]} Nc6
{[%clk 0:15:47]} 8. Bb2 {[%clk 0:15:28]} cxd4 {[%clk 0:15:43]} 9. Nxd4
{[%clk 0:15:35]} Bd6 {[%clk 0:15:45]} 10. Be2 {[%clk 0:15:14]} O-O
{[%clk 0:15:53]} 11. O-O {[%clk 0:15:15]} Qe7 {[%clk 0:15:43]} 12. N2f3
{[%clk 0:14:49]} Rd8 {[%clk 0:14:40]} 13. Rc1 {[%clk 0:12:49]} Bd7
{[%clk 0:14:36]} 14. Nb5 {[%clk 0:12:48]} Bb8 {[%clk 0:11:30]} 15. Ba3
{[%clk 0:11:53]} Qe6 {[%clk 0:11:23]} 16. Nbd4 {[%clk 0:12:00]} Qe8
{[%clk 0:11:15]} 17. Nxc6 {[%clk 0:11:02]} bxc6 {[%clk 0:11:19]} 18. Qd4
{[%clk 0:08:59]} Bc7 {[%clk 0:10:04]} 19. Rfd1 {[%clk 0:09:01]} Ne4
{[%clk 0:09:36]} 20. Ba6 {[%clk 0:08:08]} Rab8 {[%clk 0:06:54]} 21. Bd3
{[%clk 0:08:05]} Bg4 {[%clk 0:06:54]} 22. Be2 {[%clk 0:04:41]} Bb6
{[%clk 0:07:02]} 23. Qd3 {[%clk 0:04:51]} c5 {[%clk 0:06:47]} 24. Qc2
{[%clk 0:03:22]} Qe6 {[%clk 0:06:07]} 25. Bb2 {[%clk 0:03:11]} Bc7
{[%clk 0:05:31]} 26. Kf1 {[%clk 0:02:47]} Qf5 {[%clk 0:05:00]} 27. Kg1
{[%clk 0:01:40]} Rb6 {[%clk 0:05:03]} 28. Kf1 {[%clk 0:01:20]} Bxh2 29. Ke1 Bc7
{[%clk 0:04:25]} 30. Bd3 {[%clk 0:01:25]} h5 {[%clk 0:01:49]} 31. Bxe4
{[%clk 0:01:21]} dxe4 {[%clk 0:01:38]} 32. Rxd8+ {[%clk 0:01:16]} Bxd8
{[%clk 0:01:48]} 33. Nd2 {[%clk 0:01:15]} Qg6 {[%clk 0:01:13]} 34. Qxe4
{[%clk 0:01:08]} Qg5 {[%clk 0:00:47]} 35. Qe8+ {[%clk 0:01:00]} Kh7
{[%clk 0:00:56]} 36. Qxf7 {[%clk 0:01:08]} Re6 {[%clk 0:00:58]} 37. Rxc5
{[%clk 0:00:54]} Rxe3+ 38. Kf1 Qe7 {[%clk 0:00:33]} 39. Rxh5+ {[%clk 0:01:02]}
Bxh5 {[%clk 0:00:38]} 40. Qxh5+ {[%clk 0:01:10]} Kg8 {[%clk 0:00:47]} 41. fxe3
{[%clk 0:01:19]} Bb6 {[%clk 0:00:48]} 42. Qd5+ {[%clk 0:01:23]} Kh8
{[%clk 0:00:54]} 43. Qa8+ {[%clk 0:01:22]} Kh7 {[%clk 0:01:03]} 44. Qe4+
{[%clk 0:01:30]} Qxe4 {[%clk 0:01:12]} 45. Nxe4 {[%clk 0:01:39]} Kg6
{[%clk 0:01:22]} 46. Ke2 {[%clk 0:01:46]} Kf5 {[%clk 0:01:31]} 47. Kf3
{[%clk 0:01:53]} g6 {[%clk 0:01:40]} 48. Bd4 {[%clk 0:02:00]} Bc7
{[%clk 0:01:47]} 49. Bxa7 g5 50. g4+ {[%clk 0:02:10]} Ke5 {[%clk 0:02:06]} 51.
Nxg5 {[%clk 0:02:13]} Ba5 {[%clk 0:02:13]} 52. Ne4 {[%clk 0:02:16]} Be1
{[%clk 0:02:22]} 53. Bd4+ {[%clk 0:02:18]} Kd5 {[%clk 0:02:29]} 54. g5
{[%clk 0:02:18]} Ke6 {[%clk 0:02:38]} 55. g6 {[%clk 0:02:25]} Bh4
{[%clk 0:02:47]} 56. a4 {[%clk 0:02:33]} Bd8 {[%clk 0:02:55]} 57. b4
{[%clk 0:02:41]} Be7 {[%clk 0:02:58]} 58. a5 {[%clk 0:02:50]} Bf8
{[%clk 0:03:00]} 59. a6 {[%clk 0:02:57]} Kf5 {[%clk 0:03:05]} 60. g7
{[%clk 0:03:04]} Kxe4+ 61. Kxe4 1-0

[Event "Memorial Sergievskogo"]
[Site "Cheboksary"]
[Date "2016.04.13"]
[Round "9.10"]
[White "Petuchov, Evgenij"]
[Black "Rozum, Ivan"]
[Result "0-1"]
[LiveChessVersion "1.4.4"]
[BlackElo "2579"]
[WhiteElo "2054"]

1. c4 {[%clk 0:15:20]} Nf6 {[%clk 0:15:12]} 2. Nc3 {[%clk 0:15:28]} e6
{[%clk 0:15:20]} 3. g3 {[%clk 0:15:36]} d5 {[%clk 0:15:28]} 4. d4
{[%clk 0:15:42]} c5 {[%clk 0:14:29]} 5. e3 {[%clk 0:15:15]} cxd4 {[%clk 0:14:30]}
6. exd4 {[%clk 0:15:22]} Nc6 {[%clk 0:14:32]} 7. Nf3 {[%clk 0:15:25]} Be7
{[%clk 0:14:35]} 8. Bg5 {[%clk 0:15:04]} O-O {[%clk 0:14:39]} 9. cxd5
{[%clk 0:14:22]} Nxd5 {[%clk 0:14:45]} 10. Nxd5 {[%clk 0:14:21]} Bxg5
{[%clk 0:14:43]} 11. Nc3 {[%clk 0:14:12]} Bf6 {[%clk 0:14:49]} 12. Ne2
{[%clk 0:14:11]} Qb6 {[%clk 0:14:46]} 13. Qd2 {[%clk 0:13:31]} Rd8
{[%clk 0:14:55]} 14. Rd1 {[%clk 0:13:31]} e5 {[%clk 0:15:00]} 15. d5
{[%clk 0:13:20]} e4 {[%clk 0:14:38]} 16. Nh4 {[%clk 0:12:45]} Ne5
{[%clk 0:14:31]} 17. Qe3 {[%clk 0:11:01]} Bxh4 {[%clk 0:13:40]} 18. Qxb6
{[%clk 0:11:09]} Nf3# 0-1

[Event "Memorial Sergievskogo"]
[Site "Cheboksary"]
[Date "2016.04.13"]
[Round "10.1"]
[White "Rublevsky, Sergei"]
[Black "Morozevich, Alexander"]
[Result "1/2-1/2"]
[LiveChessVersion "1.4.4"]
[BlackElo "2669"]
[WhiteElo "2727"]

1. e4 {[%clk 0:15:19]} c5 {[%clk 0:13:34]} 2. Nf3 {[%clk 0:15:25]} g6
{[%clk 0:13:43]} 3. d4 {[%clk 0:15:15]} cxd4 {[%clk 0:13:50]} 4. Nxd4
{[%clk 0:15:06]} Nf6 {[%clk 0:13:58]} 5. Nc3 {[%clk 0:15:12]} d6 {[%clk 0:14:07]}
6. Be2 {[%clk 0:15:15]} Bg7 {[%clk 0:14:16]} 7. O-O {[%clk 0:15:22]} O-O
{[%clk 0:14:24]} 8. Re1 {[%clk 0:15:27]} Nc6 {[%clk 0:14:29]} 9. Nb3
{[%clk 0:15:33]} Be6 {[%clk 0:14:04]} 10. Bg5 {[%clk 0:15:31]} Rc8
{[%clk 0:13:06]} 11. Bf1 {[%clk 0:15:32]} h6 {[%clk 0:13:14]} 12. Bh4
{[%clk 0:15:28]} a6 {[%clk 0:11:55]} 13. Nd5 {[%clk 0:14:13]} Bxd5
{[%clk 0:11:15]} 14. exd5 {[%clk 0:14:21]} Ne5 {[%clk 0:11:24]} 15. c3
{[%clk 0:14:05]} Nc4 {[%clk 0:11:15]} 16. Rb1 {[%clk 0:12:44]} Re8
{[%clk 0:08:37]} 17. Qf3 {[%clk 0:09:31]} Ne5 {[%clk 0:08:25]} 18. Qd1
{[%clk 0:09:39]} Qd7 {[%clk 0:07:25]} 1/2-1/2

[Event "Memorial Sergievskogo"]
[Site "Cheboksary"]
[Date "2016.04.13"]
[Round "10.2"]
[White "Motylev, Alexander"]
[Black "Alekseev, Evgeny"]
[Result "1/2-1/2"]
[LiveChessVersion "1.4.4"]
[BlackElo "2671"]
[WhiteElo "2662"]

1. e4 {[%clk 0:15:18]} e5 {[%clk 0:15:17]} 2. Nf3 {[%clk 0:15:26]} Nc6
{[%clk 0:15:25]} 3. Bb5 {[%clk 0:15:34]} Nf6 {[%clk 0:15:32]} 4. d3
{[%clk 0:15:35]} Bc5 {[%clk 0:15:34]} 5. c3 {[%clk 0:15:25]} O-O {[%clk 0:15:13]}
6. O-O {[%clk 0:15:32]} d6 {[%clk 0:15:01]} 7. h3 {[%clk 0:14:26]} Bb6
{[%clk 0:13:18]} 8. a4 {[%clk 0:13:19]} a6 {[%clk 0:13:09]} 9. Bxc6
{[%clk 0:13:19]} bxc6 {[%clk 0:13:17]} 10. Nbd2 {[%clk 0:13:22]} h6
{[%clk 0:12:10]} 11. Nc4 {[%clk 0:12:09]} 1/2-1/2

[Event "Memorial Sergievskogo"]
[Site "Cheboksary"]
[Date "2016.04.13"]
[Round "10.4"]
[White "Timofeev, Artyom"]
[Black "Khismatullin, Denis"]
[Result "0-1"]
[LiveChessVersion "1.4.4"]
[BlackElo "2709"]
[WhiteElo "2535"]

1. c4 {[%clk 0:15:15]} e5 {[%clk 0:15:04]} 2. Nc3 {[%clk 0:15:21]} Nf6
{[%clk 0:15:08]} 3. Nf3 {[%clk 0:15:12]} Nc6 {[%clk 0:15:16]} 4. d3
{[%clk 0:15:17]} Bc5 {[%clk 0:15:11]} 5. g3 {[%clk 0:15:05]} O-O {[%clk 0:15:18]}
6. Bg2 {[%clk 0:15:09]} d6 {[%clk 0:15:20]} 7. O-O {[%clk 0:15:14]} a6
{[%clk 0:15:26]} 8. e3 {[%clk 0:14:29]} Ba7 {[%clk 0:15:21]} 9. b3
{[%clk 0:14:23]} Bf5 {[%clk 0:14:37]} 10. h3 {[%clk 0:14:21]} h6 {[%clk 0:14:21]}
11. Bb2 {[%clk 0:14:05]} Qd7 {[%clk 0:14:07]} 12. Kh2 {[%clk 0:14:07]} Rae8
{[%clk 0:13:14]} 13. Qd2 {[%clk 0:13:17]} Bh7 {[%clk 0:11:09]} 14. Rad1
{[%clk 0:13:00]} Nd8 {[%clk 0:10:36]} 15. b4 {[%clk 0:11:55]} c6 {[%clk 0:09:59]}
16. a4 {[%clk 0:10:24]} Ne6 {[%clk 0:06:09]} 17. a5 {[%clk 0:08:50]} Bb8
{[%clk 0:05:16]} 18. Na4 {[%clk 0:08:46]} Qe7 {[%clk 0:04:53]} 19. e4
{[%clk 0:03:34]} Nh5 {[%clk 0:03:52]} 20. c5 {[%clk 0:02:29]} f5 {[%clk 0:01:53]}
21. cxd6 {[%clk 0:02:34]} Bxd6 {[%clk 0:02:02]} 22. Bxe5 {[%clk 0:02:42]} Bxb4
{[%clk 0:01:53]} 23. Qe3 {[%clk 0:01:21]} f4 {[%clk 0:01:30]} 24. Qe2
{[%clk 0:01:29]} fxg3+ {[%clk 0:01:32]} 25. fxg3 {[%clk 0:01:35]} Bxa5
{[%clk 0:01:21]} 26. d4 {[%clk 0:01:29]} Nf6 {[%clk 0:01:02]} 27. Nh4
{[%clk 0:01:04]} b5 {[%clk 0:00:57]} 28. Nc5 {[%clk 0:00:47]} Nxc5
{[%clk 0:00:57]} 29. Qa2+ {[%clk 0:00:56]} Kh8 {[%clk 0:00:34]} 30. Qxa5
{[%clk 0:01:04]} Ncxe4 {[%clk 0:00:31]} 31. Qxa6 {[%clk 0:00:36]} Qd7
{[%clk 0:00:26]} 32. Rc1 {[%clk 0:00:33]} Re6 {[%clk 0:00:30]} 33. Nf5
{[%clk 0:00:31]} c5 {[%clk 0:00:27]} 34. Qa3 {[%clk 0:00:27]} b4 {[%clk 0:00:26]}
35. Qa5 {[%clk 0:00:36]} Bxf5 {[%clk 0:00:26]} 36. Rxf5 {[%clk 0:00:44]} Rxe5
{[%clk 0:00:19]} 37. Rxe5 {[%clk 0:00:25]} Qxd4 {[%clk 0:00:27]} 38. Rcxc5
{[%clk 0:00:18]} Qf2 {[%clk 0:00:15]} 39. Qxb4 {[%clk 0:00:13]} Ng4+
{[%clk 0:00:13]} 40. hxg4 {[%clk 0:00:18]} Qxg3+ {[%clk 0:00:21]} 41. Kg1
{[%clk 0:00:19]} Rf1+ {[%clk 0:00:27]} 0-1